000 00967nam a2200277Ia 4500
003 OSt
005 20220923211610.0
006 a|||||r|||| 00| 0
007 ta
008 220922b |||||||| |||| 00| 0 hin d
020 _a9789388753432 (hbk)
_c650
024 _a354,679
037 _bBR5605, 29/12/2021, Rajkamal Prakashan Pvt. Ltd
_cTextual
040 _aARTS
_cARTS
_bhin
041 _2hin
_ahin
082 _aO152,3N61,AA, Q0
100 _aअनामिका, ले.
245 0 _aआईनासाज़
246 _aĀīnāsāज़
260 _aनई दिल्ली
_b राजकमल प्रकाशन
_c2020
300 _a241पृ.
_ccm.
650 _a हिन्दी साहित्य
_9156264
650 _aहिन्दी कहानी
942 _hO152,3N61,AA, Q0
_cTEXL
_2CC
999 _c301219
_d301219